MARC

LEADER 00000nam0a2200000 4500
001 156709
005 20231031153347.0
035 |a (RuTPU)RU\TPU\book\169956 
090 |a 156709 
100 |a 20090330d1935 m y0rusy50 ca 
101 0 |a rus 
102 |a RU 
105 |a a j 001zy 
200 1 |a Петрография  |e учебник  |f Ф. Ю. Левинсон-Лессинг 
205 |a 4-е изд., испр. и доп. 
210 |a Ленинград  |a Москва  |c ОНТИ  |d 1935 
215 |a 495 с.  |c ил. 
320 |a Библиогр.: с. 469-476. 
320 |a Предметный указатель: с. 477-492. 
610 1 |a петрография 
610 1 |a горные породы 
610 1 |a выветривание 
610 1 |a метаморфизм 
610 1 |a структура 
610 1 |a химический состав 
610 1 |a изверженные породы 
610 1 |a осадочные породы 
610 1 |a метаморфические породы 
675 |a 552(075.8)  |v 3 
700 1 |a Левинсон-Лессинг  |b Ф. Ю.  |g Франц Юльевич 
801 1 |a RU  |b 63413507  |c 20090330  |g PSBO 
801 2 |a RU  |b 63413507  |c 20091103  |g RCR 
942 |c BK